000 00879nam a22002177a 4500
999 _c63956
_d63956
005 20240530110707.0
008 171225s2016 ua a g b 000 0dara d
017 _a2015/14159
_bمصر. دار الكتب
020 _a9789773192365
040 _aEG-CaGPL
_cEG-CaGPL
082 0 4 _221
_a327.11\
_bن ع
100 0 _aنجلاء مرعى
245 1 2 _aالعلاقات الامريكية السودانية :
_bالنفط والتكالب الامريكى على السودان /
_cنجلاء مرعى .
250 _aط.1
260 _aالقاهرة :
_bالعربى للنشر و التوزيع ،
_c2016 .
300 _a263 ص. ؛
_c24 سم.
651 0 7 _2qrmak
_aالسودان
_xالسياسة الخارجية
_zامريكا
651 0 7 _2qrmak
_aالسودان
_xالاحوال السياسية
942 _2ddc
_cBK